An introduction to scale coordinate physics ; an introduction to the formalization of the macro operational point of view.

Bibliographic Details
Main Author: Bender, William, active 1953
Format: Book
Language:English
Published: Minneapolis : Burgess Pub. Co., [1958]
Subjects:

MARC

Tag First Indicator Second Indicator Subfields
LEADER 00000cam a22000001 4500
001 in00000051372
005 20151007070009.0
008 711216s1958 mnua 00000 eng
010 |a  58006882  
035 |a (OCoLC)00710656 
035 |9 AAE3123AM 
040 |a DLC  |c DLC  |d TXA  |d UtOrBLW 
049 |a TXAM  |c 2 [423313] 
050 0 0 |a QC6  |b .B437 
082 0 |a 530.1 
092 |a 530.1  |b B458i 
100 1 |a Bender, William,  |d active 1953. 
245 1 3 |a An introduction to scale coordinate physics ;  |b an introduction to the formalization of the macro operational point of view. 
264 1 |a Minneapolis :  |b Burgess Pub. Co.,  |c [1958] 
300 |a 340 pages :  |b illustrations ;  |c 29 cm. 
336 |a text  |b txt  |2 rdacontent 
337 |a unmediated  |b n  |2 rdamedia 
338 |a volume  |b nc  |2 rdacarrier 
500 |a "Original typescript prepared under the direction of the author at the University of South Dakota, Physics Department." 
650 0 |a Physics  |x Philosophy. 
650 0 |a Dimensional analysis. 
650 0 |a Quantum theory. 
740 0 |a Scale coordinate physics. 
999 |a MARS 
999 f f |s 007d317c-2653-31d5-99d2-68d037a1018c  |i df352139-e3f2-3031-bc32-588871479578  |t 0 
952 f f |p ric  |a Texas A&M University  |b Rellis Campus  |c Joint Library Facility  |d Remote Storage  |t 0  |e QC6 .B437  |h Library of Congress classification  |i unmediated -- volume  |m A14800907631 
998 f f |a QC6 .B437  |t 0  |l Remote Storage